<The> Dwarf and the giant: Montenegrin-Russian relations and Montenegro`s 'cult of Russia', c. 1700 - 2015

Zrod vzťahov Ruska a Čiernej Hory. Vplyv Osmanskej ríše a ortodoxnej cirkvi vo vývoji Balkánu. Snahy o založenie Veľkého Srbska, Balkánske vojny, Juáhoslávsky štát a komunistický režim.

Salvato in:
Dettagli Bibliografici
Autore principale: Polačková, Zuzana
Altri autori: van Duin, Pieter
Natura: Capitolo di libro
Lingua:inglese
Soggetti:
Tags: Aggiungi Tag
Nessun Tag, puoi essere il primo ad aggiungerne!!

MARC

LEADER 00000naa a2200000 4500
001 0220806
005 20221019163730.7
041 0 |a eng 
044 |a SK 
245 1 0 |a <The> Dwarf and the giant: Montenegrin-Russian relations and Montenegro`s 'cult of Russia', c. 1700 - 2015  |c Zuzana Polačková, Pieter Van Duin 
520 |a Zrod vzťahov Ruska a Čiernej Hory. Vplyv Osmanskej ríše a ortodoxnej cirkvi vo vývoji Balkánu. Snahy o založenie Veľkého Srbska, Balkánske vojny, Juáhoslávsky štát a komunistický režim. 
610 2 0 |a Čierna Hora 
610 2 0 |a Rusko 
610 2 0 |a Balkán 
610 2 0 |a kresťanstvo 
610 2 0 |a vzťahy bilaterálne 
610 2 0 |a vzťahy medzinárodné 
610 2 0 |a vzťahy politické medzinárodné 
100 1 |a Polačková, Zuzana 
700 1 |a van Duin, Pieter